Slovenský jazyk pre 1. ročník základnej školy s vyučovacím jazykom maďarským

Bibliographic Details
Main Authors: Skabelová, Ružena (Author), Bónová, Irena (Author)
Other Authors: Németh, Ilona, 1963- (Illustrator), Tóth, Lehel, 1967- (Photographer)
Format: Book
Language:Slovak
PhysicalDescription:86 s. fareb. ilustr., fotogr. 28 cm
Published: Bratislava Terra 2007
ISBN:9788089050833
Edition:4. vyd.
Subjects:

MARC

LEADER 00000nam a2200000 a 4500
001 vtls009290065
003 SK-MaSNL
005 20260302080143.0
008 240314s2007 xo oa b 000 0 slo
015 |a SNBA2008/06-02965 
020 |a 9788089050833  |q (brož.) 
035 |a 2190E9D0-5FC3-41DD-9A44-81A84942053B 
035 |a urn:nbn:sk:snk-amjvjh 
035 |a urn:nbn:sk:snk-am007xo6 
040 |a SNK  |b slo  |c SNK  |e AACR2 
041 0 |a slo 
044 |a xo  |c SK 
072 7 |a 811.162.4  |x Slovenčina  |2 konspekt 
080 |a 811.162.4  |2 2001 
080 |a (075.2)  |2 2001 
100 1 |a Skabelová, Ružena  |4 aut  |9 12386 
245 1 0 |a Slovenský jazyk pre 1. ročník základnej školy s vyučovacím jazykom maďarským  |c Ružena Skabelová, Irena Bónová ; [ilustrovala: Ilona Németh ; foto: Lehel Tóth] 
246 1 1 |a Szlovák nyelv a magyar tannyelvű alapiskola 1. osztálya számára 
250 |a 4. vyd. 
260 |a Bratislava  |b Terra  |c 2007 
300 |a 86 s.  |b fareb. ilustr., fotogr.  |c 28 cm 
500 |a Rozlož. tit. strana 
650 0 7 |a slovenčina  |2 SNKPH  |9 1350 
655 7 |a učebnice základných škôl  |2 SNKPH  |9 70187 
700 1 |a Bónová, Irena  |4 aut  |9 302180 
700 1 |a Németh, Ilona,  |d 1963-  |4 ill  |9 101799 
700 1 |a Tóth, Lehel,  |d 1967-  |4 pht  |9 109739 
919 |a 978-80-89050-83-3 
958 |a HU 
958 |a NM 
968 |d 37 
999 |c 1172005  |d 1173935 
952 |a SNK  |b SNK  |y VYP  |7 0  |p 17A0586833  |o snkSB 76109 D1  |i snk2008/9494  |8 0  |0 0  |1 0  |4 0  |d 2008-04-28  |l 0  |r 2016-06-30 00:00:00  |w 2026-02-24 
952 |a SNK  |b SNK  |y PREZ  |7 0  |p 17A0586843  |o snkSB 76109  |i snk2008/9492  |8 0  |0 0  |1 0  |4 0  |d 2008-04-28  |f 1  |l 0  |r 2025-04-30 00:00:00  |w 2026-02-24